| 000 | 01222nam a22002057a 4500 | ||
|---|---|---|---|
| 003 | JO-AjAnu | ||
| 005 | 20250310094940.0 | ||
| 008 | 250308b jo ||||| |||| 00| 0 ara d | ||
| 040 |
_aJO-AjAnu _bara _cJO-AjAnu _dJO-AjAnu _erda |
||
| 041 |
_aara _hara |
||
| 050 |
_aHF5686 _b2025 |
||
| 100 | 1 |
_aالمومني، دعاء محمد حسين _eمعد _966470 |
|
| 245 | 0 |
_aاثر خدمات التأكيد الأخرى المقدمة من مكاتب التدقيق على جودة التدقيق في الشركات صغيرة ومتوسطة الحجم في الأردن = The Impact of Other Assurance Services Provided by Offices on the Quality of Auditing in Small and Medium-Sized Companies in Jordan / _cاعداد دعاء محمد حسين المومني ؛ اشراف تيسير علي المومني |
|
| 260 | _c2025 | ||
| 300 | _a110 ورقة | ||
| 504 | _aرسالة جامعية(رسالة ماجستير في المحاسبة) - جامعة عجلون الوطنية، (عجلون، الاردن) -كلية الاعمال، قسم المحاسبة، 2025 | ||
| 650 | 0 |
_aالشركات- محاسبة- تدقيق _966471 |
|
| 700 | 1 |
_aالمومني، تيسير علي _965112 _eمشرف |
|
| 942 |
_2lcc _cTHS _n0 |
||
| 999 |
_c33875 _d33875 |
||